<?xml version="1.0" encoding="UTF-8"?>
<record
    xmlns:xsi="http://www.w3.org/2001/XMLSchema-instance"
    xsi:schemaLocation="http://www.loc.gov/MARC21/slim http://www.loc.gov/standards/marcxml/schema/MARC21slim.xsd"
    xmlns="http://www.loc.gov/MARC21/slim">

  <leader>01101nam a2200217Ia 4500</leader>
  <controlfield tag="003">Ost</controlfield>
  <controlfield tag="005">20260507075111.0</controlfield>
  <controlfield tag="008">260507s9999||||xx |||||||||||||| ||und||</controlfield>
  <datafield tag="020" ind1=" " ind2=" ">
    <subfield code="a">9959300013</subfield>
  </datafield>
  <datafield tag="040" ind1=" " ind2=" ">
    <subfield code="c">fsecg</subfield>
  </datafield>
  <datafield tag="041" ind1=" " ind2=" ">
    <subfield code="a">ara</subfield>
  </datafield>
  <datafield tag="082" ind1=" " ind2=" ">
    <subfield code="a">500</subfield>
  </datafield>
  <datafield tag="100" ind1=" " ind2=" ">
    <subfield code="a">&#x633;&#x62A;&#x631;&#x627;&#x646;&#x62C;&#x60C; &#x62C;&#x627;&#x644;&#x628;&#x631;&#x62A;</subfield>
    <subfield code="e">&#x645;&#x624;&#x644;&#x641;</subfield>
  </datafield>
  <datafield tag="245" ind1=" " ind2="0">
    <subfield code="a">&#x627;&#x644;&#x62C;&#x628;&#x631; &#x627;&#x644;&#x62E;&#x637;&#x64A; &#x648;&#x62A;&#x637;&#x628;&#x64A;&#x642;&#x627;&#x62A;&#x647; /</subfield>
    <subfield code="c"> &#x62C;&#x627;&#x644;&#x628;&#x631;&#x62A; &#x633;&#x62A;&#x631;&#x627;&#x646;&#x62C;</subfield>
  </datafield>
  <datafield tag="260" ind1=" " ind2=" ">
    <subfield code="a">&#x628;&#x64A;&#x631;&#x648;&#x62A;: </subfield>
    <subfield code="b">&#x62F;&#x627;&#x631; &#x627;&#x644;&#x641;&#x643;&#x631; &#x627;&#x644;&#x639;&#x631;&#x628;&#x64A;, </subfield>
    <subfield code="c">2000</subfield>
  </datafield>
  <datafield tag="300" ind1=" " ind2=" ">
    <subfield code="a">903  &#x635;&#x641;&#x62D;&#x629;&#x61B; </subfield>
    <subfield code="b">&#x625;&#x64A;&#x636;&#x627;&#x62D;&#x627;&#x62A; &#x61B;</subfield>
    <subfield code="c">24 &#x633;&#x645;</subfield>
  </datafield>
  <datafield tag="504" ind1=" " ind2=" ">
    <subfield code="a">&#x628;&#x628;&#x644;&#x64A;&#x648;&#x63A;&#x631;&#x627;&#x641;&#x64A;&#x627;:&#x635;.5-8&#x61B;&#x627;&#x644;&#x645;&#x644;&#x627;&#x62D;&#x642;:&#x635;.763-818&#x61B;&#x643;&#x634;&#x627;&#x641; &#x627;&#x644;&#x645;&#x635;&#x637;&#x644;&#x62D;&#x627;&#x62A; &#x627;&#x644;&#x639;&#x644;&#x645;&#x64A;&#x629;:889-903</subfield>
  </datafield>
  <datafield tag="520" ind1=" " ind2=" ">
    <subfield code="a">&#x62D;&#x630;&#x641; &#x62C;&#x627;&#x648;&#x633;&#x60C;&#x646;&#x638;&#x631;&#x64A;&#x629; &#x627;&#x644;&#x645;&#x639;&#x627;&#x62F;&#x644;&#x627;&#x62A; &#x627;&#x644;&#x622;&#x646;&#x64A;&#x629; &#x627;&#x644;&#x62E;&#x637;&#x64A;&#x629;&#x60C;&#x627;&#x644;&#x627;&#x633;&#x642;&#x627;&#x637;&#x627;&#x62A; &#x627;&#x644;&#x645;&#x62A;&#x639;&#x627;&#x645;&#x62F;&#x629; &#x648;&#x627;&#x644;&#x642;&#x64A;&#x645;&#x629; &#x627;&#x644;&#x635;&#x63A;&#x631;&#x649;&#x60C;&#x627;&#x644;&#x645;&#x62D;&#x62F;&#x62F;&#x627;&#x62A;&#x60C;&#x627;&#x644;&#x642;&#x64A;&#x645; &#x627;&#x644;&#x630;&#x627;&#x62A;&#x64A;&#x629; &#x648;&#x627;&#x644;&#x645;&#x62A;&#x62C;&#x647;&#x627;&#x62A; &#x627;&#x644;&#x630;&#x627;&#x62A;&#x64A;&#x629;&#x60C;&#x627;&#x644;&#x645;&#x635;&#x641;&#x648;&#x641;&#x627;&#x62A; &#x627;&#x644;&#x645;&#x639;&#x631;&#x641;&#x629; &#x627;&#x644;&#x645;&#x648;&#x62C;&#x628;&#x629;&#x60C;&#x627;&#x644;&#x62D;&#x633;&#x627;&#x628;&#x627;&#x62A; &#x628;&#x627;&#x633;&#x62A;&#x62E;&#x62F;&#x627;&#x645; &#x627;&#x644;&#x645;&#x635;&#x641;&#x648;&#x641;&#x627;&#x62A;&#x60C;&#x627;&#x644;&#x628;&#x631;&#x645;&#x62C;&#x629; &#x627;&#x644;&#x62E;&#x637;&#x64A;&#x629; &#x648;&#x646;&#x638;&#x631;&#x64A;&#x629; &#x627;&#x644;&#x645;&#x628;&#x627;&#x631;&#x64A;&#x627;&#x62A;</subfield>
  </datafield>
  <datafield tag="653" ind1=" " ind2=" ">
    <subfield code="a">&#x627;&#x644;&#x62C;&#x628;&#x631; &#x627;&#x644;&#x62E;&#x637;&#x64A;</subfield>
  </datafield>
  <datafield tag="942" ind1=" " ind2=" ">
    <subfield code="c">&#x643;&#x62A;&#x627;&#x628;</subfield>
  </datafield>
  <datafield tag="952" ind1=" " ind2=" ">
    <subfield code="0">0</subfield>
    <subfield code="1">0</subfield>
    <subfield code="2">ddc</subfield>
    <subfield code="4">0</subfield>
    <subfield code="7">-1</subfield>
    <subfield code="a">fsecg</subfield>
    <subfield code="b">fsecg</subfield>
    <subfield code="d">2026-05-07</subfield>
    <subfield code="h">&#x627;&#x644;&#x637;&#x627;&#x628;&#x642; &#x627;&#x644;&#x623;&#x631;&#x636;&#x64A;</subfield>
    <subfield code="i">1504/1</subfield>
    <subfield code="l">0</subfield>
    <subfield code="o">&#x623;/1504&#x646;1</subfield>
    <subfield code="p">1504/1</subfield>
    <subfield code="r">2026-05-07 07:51:11</subfield>
    <subfield code="w">2026-05-07</subfield>
    <subfield code="y">&#x643;&#x62A;&#x627;&#x628;</subfield>
  </datafield>
  <datafield tag="999" ind1=" " ind2=" ">
    <subfield code="c">42906</subfield>
    <subfield code="d">42906</subfield>
  </datafield>
</record>
